1608 1660 1456 1444 1445 1636 1476 1864 1426 1189 1089 1508 1572 1576 1388 1034 1666 1058 1424 1748 1395 1418 1801 1390 1584 1122 1475 1084 1547 1854 1035 1931 1583 1824 1492 1876 1955 1759 1575 1983 1730 1833 1736 1252 1577 1217 1995 1315 1137 1585 1710 1518 1755 1420 1427 1489 1507 1362 1238 1526 1720 1428 1892 1292 1882 1660 1338 1256 1455 1422 1079 1038 1232 1830 1014 1285 1099 1449 1456 1019 1619 1929 1857 1049 1863 1193 1382 1529 1632 1085 1715 1381 1083 1804 1572 1877 1503 1147 1990 BCNSPRNW ULIB Ver.6.0+V

เปลี่ยนเป็นภาษาไทย

Change to English
 แสดงรายละเอียดบรรณานุกรม
  กลับหน้าหลัก

Brief Record : Get Marc (ISO 2709) : E-mail record : QR code < ปิดหน้าต่าง
LEADER : 00000nam 2200000uu 4500
001    13399128469
003     ULIB
008    020711s2565 th a 000 0 tha d
020    ^a9786168212738
060    ^aWO178^bส445P
100    ^aสหดล ปุญญถาวร :บรรณาธิการ และคณะ
245    ^aเวชบำบัดวิกฤตปริหัตถการ (PERIOPERATIVE CRITICAL CARE)
250    ^aพิมพ์ครั้งที่ 1
260    ^aกรุงเทพฯ :^bหน่วยเวชบำบัดวิกฤตทางศัลยกรรม ฝ่ายวิสัญญีวิทยา โรงพยาบาลจุฬาลงกรณ์ สภากาชาดไทย,^c2565
300    ^a696 หน้า;^c19 ซม.
650    ^aการดูแลขั้นวิกฤต
945    ^p1300^l0^i010213
999    ^aประนอม เกษจรัล
รายการนี้ยังไม่มีแท็ก
คุณยังไม่ได้ล็อกอิน คุณสามารถมีกิจกรรมร่วมกับเว็บไซต์ได้ แต่ต้องล็อกอินก่อน ::
  ล็อกอิน

รายการสื่อสารสนเทศ

ลำดับที่ ประเภท เลขเรียก/บาร์โค้ด สถานที่ สถานะ
1. วิทยาศาสตร์การแพทย์ และสุขภาพ
หนังสือสำรอง
สถานะ=หนังสือสำรอง
WO178 ส445P ฉ.1 
  Barcode: 010213
ห้องสมุดวิทยาเขตสวรรค์ประชารักษ์
►หนังสือทั่วไป
บนชั้น

รายการใกล้เคียง
    หัวเรื่อง [การดูแลขั้นวิกฤต]

BibComment


ยังไม่เคยถูกคอมเมนท์

คอมเมนท์ทรัพยากรรายการนี้
  คอมเมนท์: เวชบำบัดวิกฤตปริ..


 Copyright 2026. Bcnsprnw @Library